MARC details
| 000 -LEADER |
| campo de control de longitud fija |
01731nas a2200409 i 4500 |
| 001 - NÚMERO DE CONTROL |
| campo de control |
1846 |
| 003 - IDENTIFICADOR DE NÚMERO DE CONTROL |
| campo de control |
ES-MaACL |
| 005 - FECHA Y HORA DE LA ÚLTIMA TRANSACCIÓN |
| campo de control |
20250827062537.0 |
| 007 - CAMPO FIJO DE DESCRIPCIÓN FÍSICA--INFORMACIÓN GENERAL |
| campo de control de longitud fija |
t| |
| 008 - DATOS DE LONGITUD FIJA--INFORMACIÓN GENERAL |
| campo de control de longitud fija |
950801d1978 sp q|yp s| ||pa d |
| 022 ## - NÚMERO INTERNACIONAL NORMALIZADO PARA PUBLICACIONES SERIADAS |
| Número Internacional Normalizado para Publicaciones Seriadas |
0210-5233 |
| 040 ## - FUENTE DE CATALOGACIÓN |
| Centro catalogador/agencia de origen |
ES-MaACL |
| Centro/agencia transcriptor |
ES-MaACL |
| 080 ## - NÚMERO DE LA CLASIFICACIÓN DECIMAL UNIVERSAL |
| Número de la Clasificación Decimal Universal |
316 |
| 245 00 - MENCIÓN DEL TÍTULO |
| Título |
Revista española de investigaciones sociológicas / |
| Mención de responsabilidad, etc. |
dir. Juan Díez Nicolás. |
| 246 33 - FORMA VARIANTE DEL TITULO |
| Título propio/Titulo breve |
Reis : Revista española de investigaciones sociológicas |
| 260 ## - PUBLICACIÓN, DISTRIBUCIÓN, ETC. |
| Lugar de publicación, distribución, etc. |
Madrid : |
| Nombre del editor, distribuidor, etc. |
Centro de Investigaciones Sociológicas, |
| Fecha de publicación, distribución, etc. |
1978- |
| 300 ## - DESCRIPCIÓN FÍSICA |
| Extensión |
31 v. : |
| Otras características físicas |
il. ; |
| Dimensiones |
24 cm. |
| 310 ## - PERIODICIDAD ACTUAL |
| Periodicidad actual |
Trimestral |
| 362 0# - FECHAS DE PUBLICACIÓN Y/O DESIGNACIÓN SECUENCIAL |
| Fecha de publicación y/o designación secuencial |
N. 1 (1978)- |
| 530 ## - NOTA DISPONIBLE DE FORMULARIO FÍSICO ADICIONAL |
| Nota de formato físico adicional disponible |
Disponible en DVD: Del N. 1 (1978) al n. 100 (2002) |
| 530 ## - NOTA DISPONIBLE DE FORMULARIO FÍSICO ADICIONAL |
| Nota de formato físico adicional disponible |
Disponible en formato digital. |
| 650 #7 - PUNTO DE ACCESO ADICIONAL DE MATERIA--TÉRMINO DE MATERIA |
| Término de materia o nombre geográfico como elemento de entrada |
Sociología |
| Fuente del encabezamiento o término |
embne |
| 9 (RLIN) |
17195 |
| 700 1# - ENTRADA AGREGADA--NOMBRE PERSONAL |
| Nombre de persona |
Díez Nicolás, Juan. |
| 9 (RLIN) |
44756 |
| 700 1# - ENTRADA AGREGADA--NOMBRE PERSONAL |
| Nombre de persona |
Montoro Romero, Ricardo. |
| 9 (RLIN) |
82698 |
| 710 2# - ENTRADA AGREGADA--NOMBRE DE ENTIDAD CORPORATIVA |
| Nombre de entidad corporativa o nombre de jurisdicción como elemento de entrada |
Centro de Investigaciones Sociológicas (España) |
| 9 (RLIN) |
2708 |
| 740 0# - ENTRADA AGREGADA--TÍTULO RELACIONADO/ANALÍTICO NO CONTROLADO |
| Título relacionado o analítico no controlado |
Reis : 1978-2002. |
| Nombre de parte o sección de la obra |
primeros 100 números [ |
| Medio |
DVD] / director, Ricardo Montoro Romero. -- CIS, [2002] |
| 780 00 - ENLACE A UN TÍTULO/ENTRADA ANTERIOR |
| Encabezamiento principal |
Revista española de la opinión pública = |
| Número Internacional Normalizado para Publicaciones Seriadas |
ISSN 0034-9429 |
| Biblionumber |
1851 |
| Número de control del registro |
1851 |
| 852 ## - LOCALIZACIÓN |
| Ubicación |
ES-MaACL |
| Número de control de estantería |
HEM-H-367 |
| Signatura antigua |
Olim: Hem-1529 |
| itemnumber |
1884 |
| Ubicación en estantería |
Hemeroteca |
| 852 ## - LOCALIZACIÓN |
| Ubicación |
ES-MaACL |
| Número de control de estantería |
Sin Signatura |
| Nota libre |
Expurgada marzo 2025: posterior 1958; sin encuadernar; en acceso abierto |
| 856 ## - LOCALIZACIÓN Y ACCESO ELECTRÓNICOS |
| Identificador Uniforme de Recursos |
<a href="http://www.reis.cis.es/REIS/html/index.html ">http://www.reis.cis.es/REIS/html/index.html </a> |
| Texto de enlace |
Revista Española de Investigaciones Sociológicas |
| 856 ## - LOCALIZACIÓN Y ACCESO ELECTRÓNICOS |
| Identificador Uniforme de Recursos |
<a href="https://dialnet.unirioja.es/servlet/revista?codigo=1106">https://dialnet.unirioja.es/servlet/revista?codigo=1106</a> |
| Texto de enlace |
Sumarios de la revista en Dialnet |
| 866 #0 - MENCIÓN TEXTUAL DE FONDOS--UNIDAD BIBLIOGRÁFICA BÁSICA |
| Fondos |
1978(1979f.n.6)1980-2008 (2009). |
| 866 #0 - MENCIÓN TEXTUAL DE FONDOS--UNIDAD BIBLIOGRÁFICA BÁSICA |
| Fondos |
1978-2002 |
| Nota pública |
Contenido DVD |
| 942 ## - ELEMENTOS DE ENTRADA SECUNDARIOS (KOHA) |
| Fuente del sistema de clasificación o colocación |
Clasificación decimal universal |
| Tipo de ítem Koha |
Revista |
| 955 ## - CATALOGADOR - EDICIÓN |
| Nombre de catalogador |
CRON CRON |